Ochrana práv občana v trestním řízení a v zákoně o SNB /

Hlavní autor: Přenosil, Gustav
Jazyk: Čeština
Vydáno: Praha : Academia, 1969
Vydání: 1. vyd.
Edice: Studie Československé akademie věd
Témata:
Fyzický popis: 53 s.
Knihy
Uloženo v:
LEADER 00894nam a22002532a 4500
001 000350437
003 CZ BrMZK
005 20130808133737.0
007 ta
008 980107s1969 xr f cze d
015 |a cnb000451120 
040 |a BOA001  |b cze 
100 1 |a Přenosil, Gustav  |7 jk01101490  |4 aut 
245 1 0 |a Ochrana práv občana v trestním řízení a v zákoně o SNB /  |c Gustav Přenosil 
250 |a 1. vyd. 
260 |a Praha :  |b Academia,  |c 1969 
300 |a 53 s. 
490 1 |a Studie ČSAV ;  |v č. 5, 1969 
830 0 |a Studie Československé akademie věd  |0 s 
910 |a BOA001  |b 2-0628.171  |b PK-0056.095 
964 |a Řízení trestní - právo občanské - ochrana 
990 |a BK 
996 6 |b 2619681506  |c 2-0628.171  |l HP2  |r DEN  |n 0  |w 000350437  |u 000020  |a 1  |e BOA001  |j MZK50  |s P 
996 7 |b 3119805183  |c PK-0056.095  |l MZK  |r Sklad / do 1 hodiny  |n 3  |w 000350437  |u 000010  |a 1  |e BOA001  |j MZK50  |s A